Building the city: Everyday lives fo migrant workers (Record no. 1715254)

MARC details
000 -LEADER
fixed length control field 00975nam a2200205 4500
005 - DATE AND TIME OF LATEST TRANSACTION
control field 20260312144701.0
008 - FIXED-LENGTH DATA ELEMENTS--GENERAL INFORMATION
fixed length control field 260312b |||||||| |||| 00| 0 eng d
020 ## - INTERNATIONAL STANDARD BOOK NUMBER
International Standard Book Number 9781032601007
037 ## - SOURCE OF ACQUISITION
Terms of availability Textual
040 ## - CATALOGING SOURCE
Original cataloging agency RTL
Transcribing agency RTL
084 ## - COLON CLASSIFICATION NUMBER
Assigning agency RTL
100 ## - MAIN ENTRY--PERSONAL NAME
Personal name Jayne, Mark
9 (RLIN) 1131872
245 ## - TITLE STATEMENT
Title Building the city: Everyday lives fo migrant workers
260 ## - PUBLICATION, DISTRIBUTION, ETC.
Place of publication, distribution, etc. London
Name of publisher, distributor, etc. Routledge
Date of publication, distribution, etc. 2026
300 ## - PHYSICAL DESCRIPTION
Extent xi, 277 p.
Other physical details Includes bibliographical reference and index
520 ## - SUMMARY, ETC.
Summary, etc. The book offers complementary blending of longstanding political-economic accounts of migration, gender, labour, and urban life alongside advances in feminist, postcolonial, post-structural, materialist, and more-than-representational theories. Drawing on these critical resources the authors explore the complexities of migrant’s everyday past, present, and future lives.
700 ## - ADDED ENTRY--PERSONAL NAME
Personal name Siying, Wu
Relator term Co-author
9 (RLIN) 1131873
700 ## - ADDED ENTRY--PERSONAL NAME
Personal name Chenhui, Wu
Relator term Co-author
9 (RLIN) 1131874
942 ## - ADDED ENTRY ELEMENTS (KOHA)
Source of classification or shelving scheme Colon Classification (CC)
Suppress in OPAC No
Koha item type Textual
Holdings
Withdrawn status Lost status Source of classification or shelving scheme Damaged status Not for loan Home library Current library Date acquired Total Checkouts Barcode Date last seen Price effective from Koha item type
    Colon Classification (CC)     Ratan Tata Library Ratan Tata Library 2026-03-12   RT1528730 2026-03-12 2026-03-12 Textual
Copyright @ Delhi University Library System